| 000 | 00369nam a2200145Ia 4500 | ||
|---|---|---|---|
| 008 | 210716s1996 xx 000 0 und d | ||
| 020 | _a19960195096819 | ||
| 041 | _aeng | ||
| 082 | _a170 MASH | ||
| 100 | _aMason, H E. | ||
| 245 | _aMoral dilemmes and moral theory. | ||
| 250 | _a1 | ||
| 260 |
_aNew York _bOxford University Press _c1996 |
||
| 650 | _aBusiness Ethics | ||
| 999 |
_c206520 _d206520 |
||